000 01626cam a22003734i 4500
003 PE-LiUPU
005 20250731183435.0
008 150706s r 000 0 d
020 _a9783791339733
035 _a(Sirsi) i9783791339733
040 _aPE-LiUPU
_bspa
_cPE-LiUPU
_erda
049 _aPRUA
082 0 4 _a720.922
_bF77
_221
100 1 _aFoster's, Norman,
_eautor.
245 1 0 _aCatalogue Foster + Partners /
_cNorman Foster's.
264 1 _aMunich :
_bPrestel,
_c2008.
300 _a376 páginas :
_bilustraciones a color ;
_c30 cm.
336 _atext
_2rdacontent
337 _aunmediated
_2rdamedia
338 _avolume
_2rdacarrier
505 0 _aWorks -- Arts and culture -- Civic realm -- Education and research -- Government -- Industrial and producto design -- Leisure and sport -- Residential -- Transport -- Workplace -- The practice-Mouzhan Majidi -- Group 1 -- Group 2 -- Group 3 -- Group 4 -- Group 5 -- Group 6 -- Specialist Teams -- The team -- Personal and practice awards -- Project awards -- Project credits -- Complete Works.
526 _aP158
526 _aP146
526 _aP17
526 _aP12
526 _aP06
650 1 4 _aArquitectura Moderna
_xCatálogos
_ySiglo XX.
650 2 4 _aArquitectura Moderna
_xCatálogos
_ySiglo XXI.
910 _agl
942 _2ddc
_cBK
949 _a720.922 F77
_wDEWEY
_c1
_i66286
_lCCODEBUL1
_mBUL
_p69.00
_r0
_sY
_tBOOK
_u2015-7-6
_xINGENIERIA
_o.STAFF. Colección General
999 _c54543
_d54543
980 _81
_gALBERTO SANCHEZ Responsable de Automatización